|
|
|
|
| LEADER |
00000nam0a2200000 4500 |
| 001 |
14563 |
| 005 |
20231030185732.0 |
| 010 |
|
|
|a 5921600024
|
| 010 |
|
|
|a 5-7205-0391-9
|
| 035 |
|
|
|a (RuTPU)RU\TPU\book\14658
|
| 035 |
|
|
|a BOOK00014726
|
| 090 |
|
|
|a 14563
|
| 100 |
|
|
|a 20011209d2000 m y0rusy50 ca
|
| 101 |
0 |
|
|a rus
|
| 102 |
|
|
|a RU
|
| 105 |
|
|
|a y j 000zy
|
| 200 |
1 |
|
|a Экономическая история России
|e учебное пособие
|f Т. М. Тимошина
|g Под ред. М. Н. Чепурина
|
| 205 |
|
|
|a 4-е изд., стереотип.
|
| 210 |
|
|
|a Москва
|c Филинъ
|c Юстицинформ
|d 2000
|
| 215 |
|
|
|a 432 с.
|
| 451 |
|
1 |
|0 (RuTPU)RU\TPU\book\25063
|y 5-9216-0012-1
|t Экономическая история России
|o учебное пособие
|f Т. М. Тимошина
|e 5-е изд., стер.
|c М.
|n Филинъ
|n Юстицинформ
|d 2000
|p 431 с.
|a Тимошина, Татьяна Михайловна
|
| 451 |
|
1 |
|0 (RuTPU)RU\TPU\book\10402
|y 5-7205-0408-7
|t Экономическая история России
|o учебное пособие
|f Т. М. Тимошина
|e 3-е изд., стер.
|c М.
|n Филинъ
|n Юстицинформ
|d 1999
|p 432 с.
|a Тимошина, Татьяна Михайловна
|
| 451 |
|
|
|y 5895681301
|
| 610 |
1 |
|
|a экономика
|
| 610 |
1 |
|
|a Россия
|
| 610 |
1 |
|
|a история
|
| 610 |
1 |
|
|a экономическая история
|
| 610 |
1 |
|
|a 9 век
|
| 610 |
1 |
|
|a 10 век
|
| 610 |
1 |
|
|a 11 век
|
| 610 |
1 |
|
|a 12 век
|
| 610 |
1 |
|
|a 13 век
|
| 610 |
1 |
|
|a 14 век
|
| 610 |
1 |
|
|a 15 век
|
| 610 |
1 |
|
|a 16 век
|
| 610 |
1 |
|
|a 17 век
|
| 610 |
1 |
|
|a 18 век
|
| 610 |
1 |
|
|a 19 век
|
| 610 |
1 |
|
|a 20 век
|
| 610 |
1 |
|
|a экономические реформы
|
| 610 |
1 |
|
|a СССР
|
| 610 |
1 |
|
|a учебные пособия
|
| 686 |
|
|
|a У03(2)я73
|v LBC/SL-A
|2 rubbk
|
| 700 |
|
1 |
|a Тимошина
|b Т. М.
|g Татьяна Михайловна
|
| 702 |
|
1 |
|a Чепурин
|b М. Н.
|4 340
|
| 801 |
|
0 |
|a RU
|b 63413507
|c 20011209
|g PSBO
|
| 801 |
|
2 |
|a RU
|b 63413507
|c 20090819
|g PSBO
|
| 942 |
|
|
|c BK
|